| 000 | 01639nam a2200313 a 4500 | ||
|---|---|---|---|
| 003 | Mxchpua | ||
| 005 | 20250917103205.0 | ||
| 007 | ta | ||
| 008 | 250124s2024 mx ao||fs|||| 001 0 spa d | ||
| 040 | _amxchpua | ||
| 090 |
_aT.C.953 _bM39 SAI _c2024 |
||
| 245 | 1 | 0 |
_aSistema Agroindustrial Lácteos / _ccoordinador Francisco Martínez Mosqueda ; colaboradores Samantha Baeza Carrillo...[y otros] |
| 260 |
_aChapingo, México : _bEl autor, _c2024 |
||
| 300 |
_a1 recurso en línea (69 páginas) : _bilustraciones, tablas, fotos |
||
| 336 |
_2rdacontent _aTexto _btxt |
||
| 337 |
_2rdamedia _acomputadora _bc |
||
| 338 |
_2rdacarrier _aresurso en línea _bcr |
||
| 500 | _aGrado 6° ; Grupo 5 -- Directorio: página 69 | ||
| 502 |
_aViaje de Estudios _b(SAI) -- _cUACh. Departamento de Ingeniería Agroindustrial, _d2024 |
||
| 504 | _aBibliografía: páginas 29-30 | ||
| 505 | 0 |
_aVisitas: _t1. La Tradicional de Salgado -- 2. PROLEA -- 3. Proyecto Margarita, Danone -- 4. Rancho Ganadero de Bovinos -- 5. Grupo San Jacinto -- 6. FIRA Mazatlán -- 7. Grupo GILSA -- 8. Rancho 18 de Julio, URUZA, Chapingo -- 9. FIRA Aguascalientes -- 10. Boumatic -- 11. CAPRETO -- 12. Granja Amantolli -- 13. FIRA Guadalajara -- 14. COLPOS S.L.P. |
|
| 650 | 1 | 7 |
_aIndustria lechera _zMéxico _957847 |
| 650 | 1 | 3 |
_aIndustria láctea _zMéxico _9154840 |
| 650 | 1 | 3 |
_aDairy industry _zMexico _9152363 |
| 650 | 1 | 0 |
_aMilk industry _zMexico _9152321 |
| 700 | 1 |
_aMartínez Mosqueda, Francisco _9148600 _ecoordinador |
|
| 700 | 1 |
_aBaeza Carrillo, Samantha _9189891 _ecolaboradora |
|
| 856 | 4 | 0 |
_uhttp://10.13.5.2/ve/TC953_SAI/TC953_SAI_2024-REPORTE.pdf _yDESCARGAR REPORTE |
| 999 |
_c220368 _d220368 |
||